|
|
|
|
| LEADER |
00000nas a2200000 a 4500 |
| 001 |
ssj0027953 |
| 003 |
WaSeSS |
| 005 |
20200512172242.0 |
| 006 |
m d |
| 007 |
cr n |
| 008 |
040722c20049999pauqx p s 0 a0eng |
| 010 |
|
|
|a 2014271321
|
| 015 |
|
|
|a GBB083327
|2 bnb
|
| 016 |
7 |
|
|a 012923711
|2 Uk
|
| 022 |
|
|
|a 1478-0895
|l 1478-0887
|y 1478-0887
|
| 035 |
|
|
|a (WaSeSS)ssj0027953
|
| 037 |
|
|
|b Edward Arnold Publishers Ltd., 338 Euston Road, London, NW1 3BH, UK
|
| 040 |
|
|
|a F#A
|b eng
|c F#A
|d OCL
|d MUQ
|d OCLCQ
|d CEF
|d TXA
|d UKMGB
|d OCLCQ
|d OCLCF
|d DLC
|d OCLCQ
|d NLE
|d AU@
|d AUD
|d WaSeSS
|
| 042 |
|
|
|a pcc
|a nsdp
|
| 050 |
|
4 |
|a BF1.A4
|b Q35
|
| 060 |
0 |
0 |
|a W1
|b QU158IN
|
| 082 |
0 |
0 |
|a 150.72
|2 23
|
| 130 |
0 |
|
|a Qualitative research in psychology (Online)
|
| 210 |
0 |
|
|a Qual. res. psychol.
|b (Online)
|
| 222 |
|
0 |
|a Qualitative research in psychology
|b (Online)
|
| 245 |
1 |
0 |
|a Qualitative research in psychology
|h [electronic resource].
|
| 246 |
1 |
|
|a QRP
|
| 260 |
|
|
|3 2004-2006 :
|a [London] :
|b Arnold,
|c ©2004-
|
| 260 |
|
|
|3 2007- :
|a Philadelphia, PA :
|b Taylor & Francis
|
| 310 |
|
|
|a Four no. a year
|
| 362 |
1 |
|
|a Began with: Vol. 1, no. 1 (2004).
|
| 506 |
|
|
|a License restrictions may limit access.
|
| 515 |
|
|
|a Some numbers issued in combined form.
|
| 538 |
|
|
|a Mode of access: World Wide Web.
|
| 588 |
|
|
|a Description based on: Vol. 1, issue 1 (2004); title from PDF article header (InformaWorld, viewed May 10, 2011).
|
| 588 |
|
|
|a Latest issue consulted: Vol. 12, issue 1 (2015) (tandfonline.com, viewed Jan. 12, 2015).
|
| 650 |
|
0 |
|a Psychology
|x Research
|v Periodicals.
|
| 650 |
|
0 |
|a Qualitative research
|v Periodicals.
|
| 650 |
|
6 |
|a Psychologie
|x Recherche
|v Périodiques.
|
| 650 |
|
6 |
|a Recherche qualitative
|v Périodiques.
|
| 650 |
|
7 |
|a Psychology
|x Research.
|2 fast
|0 (OCoLC)fst01081506
|
| 650 |
|
7 |
|a Qualitative research.
|2 fast
|0 (OCoLC)fst01084940
|
| 655 |
|
0 |
|a Electronic journals.
|
| 776 |
0 |
8 |
|i Print version:
|t Qualitative research in psychology
|x 1478-0887
|w (DLC) 2004243231
|w (OCoLC)54768537
|
| 856 |
4 |
0 |
|z Full text available from Research Library: 04/01/2004 to 10/31/2006
|u https://search.proquest.com/publication/38275
|